000 01243nam a2200301 4500
003 OSt
005 20260530115313.0
008 260508b2003 mx ||||| |||| 00| 0 spa d
040 _aICI
_bSPA
_cICI
041 _aSPA
050 _aNA759
_bA77
100 1 _aUniversidad Iberoamericana
_933118
245 1 0 _aArquitectónica
_cedición conmemorativa de los sesenta años de la Universidad Iberoamericana ; coordinadora editorial, Giglio Carozzi Arosio.
264 1 _aMéxico :
_bUniversidad Iberoamericana,
_c2003.
300 _a128 páginas
_bilustraciones
336 _atexto
_2rdacontent
337 _asin medio
_2rdamedia
338 _avolumen
_2rdacarrier
500 _aPublicación conmemorativa dedicada a la arquitectura, diseño y pensamiento arquitectónico en el marco del 60 aniversario de la Universidad Iberoamericana.
610 _aUniversidad Iberoamericana
_xAniversarios y celebraciones.
_933119
650 _aArquitectura mexicana.
650 _aArquitectura contemporánea
_zMéxico.
650 _aDiseño arquitectónico.
650 _aUrbanismo
_zMéxico.
_95191
650 _aArquitectura
_xEstudio y enseñanza
_zMéxico.
700 _aCarozzi Arosio, Giglio,
_ecoordinadora editorial.
_933124
942 _2lcc
_cBK
_n1
999 _c13450
_d13450